Normal view
MARC view
- الاردن، الهيئة التنفذية للتخاصية
Entry Personal Name
001 - CONTROL NUMBER
- control field: 45178
003 - CONTROL NUMBER IDENTIFIER
- control field: JO-AjAnu
005 - DATE AND TIME OF LATEST TRANSACTION
- control field: 20230606081456.0
008 - FIXED-LENGTH DATA ELEMENTS
- fixed length control field: 230606|| aca||aabn | a|a d
040 ## - CATALOGING SOURCE
- Original cataloging agency: JO-AjAnu
- Transcribing agency: JO-AjAnu
100 ## - HEADING--PERSONAL NAME
- Personal name: الاردن، الهيئة التنفذية للتخاصية
670 ## - SOURCE DATA FOUND
- Source citation: Work cat.: (JO-AjAnu)23132: الاردن، الهيئة التنفذية للتخاصية, author, اثر التخاصية في الاردن